Ideología y utopía /

Guardado en:
Detalles Bibliográficos
Autor principal: Ricoeur, Paul (autor)
Formato: Libro
Idioma:Español
Publicado: Barcelona, España : Gedisa, 1989, c1989
Etiquetas: Agrega una etiqueta
Sin etiquetas, Sé el primero en etiquetar este registro!

MARC

LEADER 00000nam^a2200000^a^4500
001 000456307
005 20250521000000.0
009 20260310124015.584
020 |a 84-7432-336-3 
037 |a Acervo Xavier Clavigero 
041 |a ESP 
091 |a FCA. 06158 
100 |a Ricoeur, Paul  |e (autor) 
245 1 0 |a Ideología y utopía / 
264 4 |a Barcelona, España :  |b Gedisa,  |c 1989, c1989 
300 |a 355 p. 
336 |a texto  |b txt  |2 rdacontenido 
337 |a sin mediación  |b n  |2 rdamedio 
338 |a volumen  |b nc  |2 rdasoporte 
649 |a XX 
910 |a Fondo Xavier Cacho Vázquez S.J. 
920 |a Impresos - Libros 
930 |a Fondos Especiales 
905 |a 131 
901 |a 0500375223  |b IT2  |c ESP  |u 20250521 
902 |a https://opac.biblio.iteso.mx/vufind/Record/000456307